Music Quiz

Random Music or Flags Quiz

Album Covers with the American Flag Quiz Stats

 Plays Quiz Updated Jul 4, 2018

Score 0/12 Timer 04:00
2 Plays Today
Artist or Album Cover % Correct
Bruce Springsteen - Born in the U.S.A.
96.2%
Johnny Cash - Ragged Old Flag
80.4%
OutKast - Stankonia
60%
Beastie Boys - Licensed to Ill
46.7%
Garth Brooks - The Hits
39%
Ryan Adams - Gold
20.4%
A$AP Rocky - Live. Love. ASAP
10.8%
Jefferson Airplane - Volunteers
10.1%
Manowar - Warriors of the World
8.4%
Mötley Crüe - Generation Swine
7.1%
NOFX - The War on Errorism
5.5%
Rise Against - Endgame
4.6%

You're not logged in!

Compare scores with friends on all Sporcle quizzes.
Join for Free
OR
Log In

You Might Also Like...

Show Comments

Extras

Top Quizzes Today


Score Distribution

Your Account Isn't Verified!

In order to create a playlist on Sporcle, you need to verify the email address you used during registration. Go to your Sporcle Settings to finish the process.

Report this User

Report this user for behavior that violates our Community Guidelines.

Details: